000 00302nam a22001337a 4500
008 171101b xxu||||| |||| 00| 0 eng d
020 _a9781405155533
041 _aeng
080 _23 ED
_a339.9
100 _a59
101 _aGLO
245 _aTHE GLOBALIZATION READER
_cBOLI.J
942 _2udc
_cBK
999 _c37096
_d37096